00446nam a22001457a 4500003000400000005001700004008004100021020001800062040002200080082001500102100003000117245008200147260005200229300001900281OSt20221007183038.0221007b |||||||| |||| 00| 0 eng d a980-238-116-0 cBiblioteca Lado V a708bG733m aGradowska, Annaecuradora aMagna Mater/bEl sincretismo Hispanoamericano en Algunas Imágenes Marianas/ aCaracas, VenezuelabMuseo de Bellas Artesc1993 a196p.c22x28cm